02907cam a22005294a 4500001001000000003000900010005001700019006001900036007001500055008004100070020001800111020001800129020001800147035002100165040002300186050002800209100001900237245010100256250003700357264003400394264001900428300007500447500007400522500005600596505029100652506005000943520061900993588004701612610001901659651003701678650004401715655002201759655003001781700002001811710001301831710001101844710001801855776004601873710003101919830003801950856006001988945004702048945005402095945007502149999001702224952013602241muse24332MdBmJHUP20210127151009.0m o d cr||||||||nn|n130418r20132010enk o 00 0 eng d a9781920489779 z9781920489755 z9781920355241 a(OCoLC)867796840 aMdBmJHUPcMdBmJHUP 4aJZ5334.5.A35bC357 20101 aChitiga, Rudo.10aStrengthening Popular Participation in the African UnionbA Guide to AU Structures and Processes a2nd imp. with minor corrections. 1bDistributed by African Minds, 3bProject MUSE,  a1 online resource (1 electronic text vi, 66 p.) : bmap, digital file. a"Researched and written by Rudo Chitiga ... and Bronwen Manby"--P. v. aIssued as part of book collections on Project MUSE.0 aIntroduction : the purpose of this guide -- AU organs & institutions -- Influencing AU decisions & policies -- The union government debate -- Appendix 1. AU regions -- Appendix 2. Regional economic communities recognised by the African Union -- Appendix 3. Useful websites and contacts.0 aOpen AccessfUnrestricted online access2star aThe African Union (AU) has committed to a vision of Africa that is 'integrated, prosperous and peaceful - driven by its own citizens, a dynamic force in the global arena' (Vision and Mission of the African Union, May 2004). This guide is an effort to take up the challenge of achieving this vision. It is a tool to assist activists to engage with AU policies and programmes. It describes the AU decision-making process and outlines the roles and responsibilities of the AU institutions. It also contains a sampling of the experiences of those non-governmental organisations (NGOs) that have interacted with the AU. aDescription based on print version record.20aAfrican Union. 0aAfricaxPolitics and government. 0aNon-governmental organizationszAfrica. 0aElectronic books. 7aElectronic books. 2local1 aManby, Bronwen.2 aAfriMAP.2 aOxfam.2 aProject Muse.18iPrint version:z1920355243z97819203552412 aProject Muse.edistributor 0aBook collections on Project MUSE.40zFull text available: uhttps://muse.jhu.edu/book/18252/ aProject MUSE - Archive Complete Supplement aProject MUSE - Archive African Studies Foundation aProject MUSE - Archive Political Science and Policy Studies Supplement c24253d24253 00102lcc4070aDLbDLcOAd2021-01-27l0oJZ5334.5.A35 C357 2010r2021-01-27uhttps://muse.jhu.edu/book/18252/w2021-01-27yEBOOK